| 000 | 00592nam a2200121Ia 4500 | ||
|---|---|---|---|
| 008 | 171212s9999 xx 000 0 und d | ||
| 020 | _a9780833080523 | ||
| 100 | _aRyan, Gery W.;Farmer, Carrie M.;Adamson, David M.;Weinick, Robin M. | ||
| 245 |
_cRyan, Gery W.;Farmer, Carrie M.;Adamson, David M.;Weinick, Robin M. _aA Program Manager’s Guide for Program Improvement in Ongoing Psychological Health and Traumatic Brain Injury Programs _bThe RAND Toolkit, Volume 4 |
||
| 260 |
_bRAND Corporation _c2014 |
||
| 650 | _aHealth Sciences | ||
| 856 | _uhttp://www.jstor.org/stable/10.7249/j.ctt5vjw69 | ||
| 999 |
_c351658 _d351658 |
||